Charakteristiky riadenia podnikateľského rizika

Obsah pojmu manažment rizika. Spoznanie (identifikácia) rizika - základ pre rozvoj riadenia a kontrolu rizika. Zhodnotenie rizika. Výber vhodnej techniky eliminácie rizika. Zhodnotenie a testovanie výberu rozhodnutia. Kontrola rizika. Audit manažmentu rizika.

Na minha lista:
Detalhes bibliográficos
Autor principal: Čunderlík, Dušan
Formato: Capítulo de Livro
Idioma:eslovaco
Assuntos:
Tags: Adicionar Tag
Sem tags, seja o primeiro a adicionar uma tag!

MARC

LEADER 00000naa$a2200000$$$4500
001 0011903
005 20240502071357.4
041 0 |a slo 
044 |a SK 
245 1 0 |a Charakteristiky riadenia podnikateľského rizika  |c aut. Dušan Čunderlík 
520 |a Obsah pojmu manažment rizika. Spoznanie (identifikácia) rizika - základ pre rozvoj riadenia a kontrolu rizika. Zhodnotenie rizika. Výber vhodnej techniky eliminácie rizika. Zhodnotenie a testovanie výberu rozhodnutia. Kontrola rizika. Audit manažmentu rizika. 
610 2 0 |a pojmy 
610 2 0 |a riziko podnikateľské 
610 2 0 |a risk management 
610 2 0 |a kontrola 
610 2 0 |a audit 
100 1 |a Čunderlík, Dušan